Statistics for Countries that share a border with China

Click here to take the quiz!

General Stats

  • This quiz has been taken 248 times
  • The average score is 13 of 14

Answer Stats

Land Area (sq miles)Country% Correct
16,601,668Russia
100%
4603,908Mongolia
99%
21,269,219India
98%
1346,540North Korea
97%
1156,827Nepal
95%
8127,881Vietnam
94%
991,429Laos
92%
6261,228Burma
90%
5307,374Pakistan
89%
7251,827Afghanistan
85%
1414,824Bhutan
85%
31,052,090Kazakhstan
85%
1255,251Tajikistan
82%
1077,201Kyrgyzstan
73%

Score Distribution

Percentile by Number Answered

Percent of People with Each Score

Your Score History

You have not taken this quiz